| 000 | 00434nam a2200181Ia 4500 | ||
|---|---|---|---|
| 001 | 23570 | ||
| 005 | 20260414150946.0 | ||
| 008 | 260414t2007||||xx |||||||||||||| ||spa|| | ||
| 041 | _aESP | ||
| 082 |
_a670 _bG82 2007 |
||
| 100 |
_aGroover, Mikell P. _eAUT |
||
| 245 | 0 |
_aFundamentos de manufactura moderna _b |
|
| 260 | _c2007 | ||
| 300 |
_a1022 páginas : _ccm. |
||
| 650 | _aTCA | ||
| 654 | _aCII | ||
| 942 |
_cLIB _dJUS _fJUS _2ddc _n |
||
| 999 |
_c23570 _d23570 |
||